00629nam a22001937a 4500003000500000005001700005008004100022010001000063011001000073035001000083040000900093100003700102245012900139260003300268300001900301502008500320650001500405650001500420CHAP20220329135824.0971013s1981 r 00010 d a42838 a43810 a47947 cCHAP00aPeña Pérez, Adolfo Fernando. aCostos de beneficiado del cardamomo según los tipos de secadoras comunmente utilizados en el Departamento de Alta Verapaz. aGuatemala :bEl autor,c1981 a50 h.b: ilus. aTesis (Ing. Agrónomo) -- Univ. de San Carlos de Guatemala. Fac. de Agronomía14aCardamomo.14aSecadores.